Supply line (Record no. 76871)

MARC details
000 -LEADER
fixed length control field 00859cab a2200181 4500
001 - CONTROL NUMBER
control field ##L133217
008 - FIXED-LENGTH DATA ELEMENTS--GENERAL INFORMATION
fixed length control field 060420n2006 000 0 eng u
035 ## - SYSTEM CONTROL NUMBER
System control number (Sirsi) u133217
041 0# - LANGUAGE CODE
Language code of text/sound track or separate title eng
100 1# - MAIN ENTRY--PERSONAL NAME
Personal name Smith, Dave
245 00 - TITLE STATEMENT
Title Supply line
260 ## - PUBLICATION, DISTRIBUTION, ETC.
Date of publication, distribution, etc. 2006
490 #0 - SERIES STATEMENT
Series statement Fire Prevention Fire Engineers Journal
Volume/sequential designation 66((267) April 2006, 17-19(3)
520 ## - SUMMARY, ETC.
Summary, etc. Reports on the work of the Fire and Rescue Suppliers Association (FIRESA), a trade association for UK fire and rescue suppliers. The primary purposes of the organisation are to contribute to the growth and development of the fire and rescue service market and to provide an industry voice on matters of common interest. Looks at the key role played by FIRESA in the National Procurement Strategy.
590 ## - LOCAL NOTE (RLIN)
Local note IKA250406
690 ## - LOCAL SUBJECT ADDED ENTRY--TOPICAL TERM (OCLC, RLIN)
Topical term or geographic name as entry element MANAGEMENT-HEALTH AND SAFETY-FIRE SAFETY
942 ## - ADDED ENTRY ELEMENTS (KOHA)
Suppress in OPAC 0
Holdings
Withdrawn status Lost status Source of classification or shelving scheme Damaged status Not for loan Home library Current library Shelving location Date acquired Total Checkouts Full call number Barcode Date last seen Copy number Price effective from Koha item type
    Dewey Decimal Classification     London London Journal article 20/04/2006   L133217 133217-1001 06/08/2019 1 06/08/2019 Journal article